Principles of computer-aided design and manufacturing, 2nd Ed (Record no. 290469)
[ view plain ]
| 000 -LEADER | |
|---|---|
| fixed length control field | 00314 a2200109 4500 |
| 001 - CONTROL NUMBER | |
| control field | 55396 |
| 082 ## - DEWEY DECIMAL CLASSIFICATION NUMBER | |
| Classification number | 620.00420285 AMI |
| 090 ## - LOCALLY ASSIGNED LC-TYPE CALL NUMBER (OCLC); LOCAL CALL NUMBER (RLIN) | |
| -- | 34390 |
| -- | 34390 |
| 100 ## - MAIN ENTRY--PERSONAL NAME | |
| Personal name | Amirouche, Farid |
| 245 ## - TITLE STATEMENT | |
| Title | Principles of computer-aided design and manufacturing, 2nd Ed |
| Statement of responsibility, etc. | Farid Amirouche |
| 260 ## - PUBLICATION, DISTRIBUTION, ETC. | |
| Place of publication, distribution, etc. | Delhi |
| Name of publisher, distributor, etc. | Pearson |
| Date of publication, distribution, etc. | 2004 |
| 942 ## - ADDED ENTRY ELEMENTS (KOHA) | |
| Institution code [OBSOLETE] | NUST-CAE |
| Call number prefix | 620.00420285 AMI |
| Withdrawn status | Lost status | Damaged status | Not for loan | Collection code | Permanent Location | Current Location | Date acquired | Total Checkouts | Full call number | Barcode | Date last seen | Price effective from | Koha item type |
|---|---|---|---|---|---|---|---|---|---|---|---|---|---|
| College of Aeronautical Engineering (CAE) | College of Aeronautical Engineering (CAE) | 04/03/2017 | 620.00420285 AMI | CAEN-4362 | 04/05/2017 | 04/05/2017 | Book |
